[Event "9th Mayors Cup Open"]
[Site "Mumbai IND"]
[Date "2016.06.06"]
[Round "7"]
[White "Arjun Erigaisi"]
[Black "K Arjun"]
[Result "1-0"]
[EventDate "2016.06.02"]
[WhiteElo "2351"]
[BlackElo "2137"]
[PlyCount "72"]

1. d4 d5 2. c4 c6 3. Nc3 Nf6 4. e3 e6 5. Nf3 Nbd7 6. Bd3 dxc4 7. Bxc4 b5 8. Bd3 Bb7 9. e4 b4 10. Na4 c5 11. e5 Nd5 12. O-O h6 13. Re1 a6 14. Be4 c4 15. Nd2 Rc8 16. b3 c3 17. Nc4 Bc6 18. Qg4 g5 19. Qh5 N7b6 20. Naxb6 Nxb6 21. Nxb6 Qxb6 22. d5 Bd7 23. Bxg5 exd5 24. e6 Bxe6 25. Bxd5 hxg5 26. Qxh8 Kd7 27. Bxe6+ fxe6 28. Rad1+ Kc7 29. Qe5+ Bd6 30. Qxe6 Rf8 31. Re2 Qc6 32. h3 Bc5 33. Qe5+ Kb7 34. Qxg5 a5 35. Qg7+ Kb6 36. Rde1 1-0

[Event "9th Mayors Cup Open"]
[Site "Mumbai IND"]
[Date "2016.06.05"]
[Round "5"]
[White "Arjun Erigaisi"]
[Black "Bhosale Snehal"]
[Result "1-0"]
[EventDate "2016.06.02"]
[WhiteElo "2351"]
[BlackElo "2174"]
[PlyCount "94"]

1. d4 Nf6 2. c4 e6 3. Nc3 Bb4 4. e3 O-O 5. Ne2 Re8 6. a3 Bf8 7. Ng3 d5 8. Be2 b6 9. O-O Bb7 10. cxd5 exd5 11. b4 a6 12. Rb1 Nbd7 13. Re1 c6 14. Qc2 b5 15. Bd2 Nb6 16. a4 Nc8 17. a5 Nd6 18. f3 h5 19. Nh1 Bc8 20. Bd3 g6 21. Nf2 Nf5 22. Bxf5 Bxf5 23. e4 dxe4 24. fxe4 Be6 25. Be3 h4 26. Qd2 h3 27. Bg5 Be7 28. e5 Nd5 29. Bxe7 Qxe7 30. Nfe4 Kg7 31. Nxd5 cxd5 32. Nf6 hxg2 33. Rbc1 Rh8 34. Rc5 Qd8 35. Re2 Rh5 36. Rxg2 Qh8 37. Nxd5 Rd8 38. Nf4 Bf5 39. e6 Kh7 40. exf7 Qf6 41. Rc7 Kg7 42. Qf2 Rxd4 43. Rxg6+ Qxg6+ 44. Nxg6 Rd1+ 45. Kg2 Rg5+ 46. Kf3 Rxg6 47. Qb2+ 1-0

[Event "9th Mayors Cup Open"]
[Site "Mumbai IND"]
[Date "2016.06.05"]
[Round "6"]
[White "Boris Grachev"]
[Black "Arjun Erigaisi"]
[Result "1-0"]
[EventDate "2016.06.02"]
[WhiteElo "2639"]
[BlackElo "2351"]
[PlyCount "98"]

1. c4 e6 2. g3 Nf6 3. Bg2 d5 4. Nf3 Be7 5. d4 O-O 6. O-O dxc4 7. Ne5 Nc6 8. Bxc6 bxc6 9. Nxc6 Qe8 10. Nxe7+ Qxe7 11. Na3 Rd8 12. Qc2 Rxd4 13. Be3 Rd7 14. Nxc4 Bb7 15. Rac1 Ng4 16. f3 Nxe3 17. Nxe3 Rad8 18. Rfd1 h6 19. Rxd7 Rxd7 20. Kf2 Qb4 21. a3 Qb6 22. b4 Ba6 23. Qb2 Rd6 24. Rc5 Rc6 25. Ra5 Rd6 26. Rc5 Rc6 27. Ra5 Rd6 28. a4 Rc6 29. Qd2 Rd6 30. Qb2 Rc6 31. Qd2 Rd6 32. Qc3 Rc6 33. Rc5 Rxc5 34. bxc5 Qb8 35. Qd2 Kf8 36. h4 Ke7 37. h5 Kf8 38. Ng4 c6 39. Ne5 Qc7 40. Qd6+ Qxd6 41. cxd6 Bb7 42. Nd7+ Ke8 43. Nc5 Bc8 44. f4 e5 45. Kf3 e4+ 46. Kxe4 Bg4 47. Kd3 f5 48. e3 Bxh5 49. Kd4 1-0

[Event "9th Mayors Cup Open"]
[Site "Mumbai IND"]
[Date "2016.06.03"]
[Round "2"]
[White "Karthi Rajarishi"]
[Black "Arjun Erigaisi"]
[Result "1-0"]
[EventDate "2016.06.02"]
[WhiteElo "2062"]
[BlackElo "2351"]
[PlyCount "112"]

1. d4 e6 2. c4 Nf6 3. Nc3 Bb4 4. f3 c5 5. d5 O-O 6. e4 Re8 7. Nh3 d6 8. Nf2 b5 9. Bd2 Bxc3 10. Bxc3 b4 11. Bxf6 Qxf6 12. Qc2 exd5 13. cxd5 Na6 14. Be2 Nc7 15. O-O Bd7 16. a4 Re7 17. b3 Rae8 18. Rad1 Kh8 19. Bc4 Qh6 20. Qd2 Qxd2 21. Rxd2 a5 22. Nd3 f6 23. Nxc5 Bc8 24. Nd3 g5 25. Nb2 Rd8 26. Rc1 f5 27. Bd3 fxe4 28. fxe4 Ne8 29. Nc4 Ra7 30. e5 dxe5 31. Nxe5 Kg7 32. Bb5 Nd6 33. Nc6 Rc7 34. Re1 Rdd7 35. Nxa5 Nxb5 36. axb5 Rc5 37. Nc4 Rxb5 38. d6 Kf6 39. Re8 Ba6 40. Rf2+ Kg6 41. g4 Rd5 42. Rg8+ Rg7 43. Re8 Rd7 44. Ne5+ Rxe5 45. Rxe5 Rxd6 46. h3 h5 47. Rff5 hxg4 48. Rxg5+ Kf6 49. Ref5+ Ke6 50. Rg6+ Kxf5 51. Rxd6 Bc8 52. hxg4+ Kxg4 53. Rd4+ Kf5 54. Kf2 Ke5 55. Ke3 Be6 56. Rxb4 1-0

[Event "9th Mayors Cup Open"]
[Site "Mumbai IND"]
[Date "2016.06.02"]
[Round "1"]
[White "Arjun Erigaisi"]
[Black "Sarang Ponkshe"]
[Result "1-0"]
[EventDate "2016.06.02"]
[WhiteElo "2351"]
[BlackElo "1918"]
[PlyCount "90"]

1. d4 d5 2. c4 c6 3. Nc3 Nf6 4. e3 g6 5. Nf3 Bg7 6. Be2 O-O 7. O-O Bg4 8. b3 e6 9. a4 Nbd7 10. Ba3 Re8 11. Rc1 Rc8 12. h3 Bxf3 13. Bxf3 dxc4 14. bxc4 e5 15. Qc2 Nb6 16. Qd3 Rc7 17. a5 Nc8 18. Rfd1 Rd7 19. a6 Qc7 20. axb7 Qxb7 21. Ne4 Qc7 22. Nxf6+ Bxf6 23. Qe4 Ne7 24. d5 c5 25. Rb1 Nc8 26. Bg4 Nd6 27. Qc2 Rdd8 28. Qa4 Be7 29. Rd3 Rb8 30. Rdb3 f5 31. Be2 Ne4 32. R1b2 Bd6 33. Bd1 Rec8 34. Bc2 Rxb3 35. Qxb3 Qa5 36. Bxe4 fxe4 37. Ra2 Qe1+ 38. Kh2 Rb8 39. Qa4 Qb1 40. Rb2 Rxb2 41. Qe8+ Kg7 42. Bxb2 Qxb2 43. Qd7+ Kg8 44. Qe6+ Kg7 45. Qd7+ 1-0

[Event "18th Dubai Open 2016"]
[Site "Dubai UAE"]
[Date "2016.04.13"]
[Round "3.28"]
[White "Di Berardino, Diego Rafael"]
[Black "Erigaisi Arjun"]
[Result "1-0"]
[EventDate "?"]
[WhiteElo "2512"]
[BlackElo "2350"]
[PlyCount "88"]

1. e4 e6 2. d4 d5 3. Nc3 Nf6 4. Bg5 dxe4 5. Nxe4 Nbd7 6. Nxf6+ Nxf6 7. Nf3 h6 8. Bxf6 Qxf6 9. Bd3 Bd6 10. Qe2 Bd7 11. O-O O-O-O 12. Be4 Kb8 13. c4 c6 14. c5 Bc7 15. Bc2 h5 16. Rad1 g5 17. Ne5 Qg7 18. b4 f6 19. Nxd7+ Qxd7 20. Rfe1 Rhe8 21. Bb3 Qg7 22. b5 Ba5 23. Rf1 cxb5 24. Qxb5 Qc7 25. Rd3 f5 26. Rfd1 f4 27. Bc4 a6 28. Qa4 Ka7 29. Ra3 e5 30. Qxa5 Qxa5 31. Rxa5 Rxd4 32. Rxd4 exd4 33. Kf1 Re5 34. Bd3 g4 35. Ra4 Rxc5 36. Rxd4 Rc1+ 37. Ke2 b5 38. a4 Rg1 39. g3 f3+ 40. Ke3 Re1+ 41. Kd2 Re5 42. axb5 axb5 43. Rf4 Kb6 44. Rf5 1-0

[Event "Aeroflot Open"]
[Site "Moscow RUS"]
[Date "2016.03.09"]
[Round "9.42"]
[White "Alexey Sarana"]
[Black "Arjun Erigaisi"]
[Result "1-0"]
[EventDate "2016.03.01"]
[WhiteElo "2433"]
[BlackElo "2379"]
[PlyCount "145"]

1. Nf3 d5 2. g3 Nf6 3. Bg2 Nbd7 4. O-O e5 5. d3 Bd6 6. Nbd2 O-O 7. e4 c6 8. b3 Re8 9. Bb2 b6 10. Re1 Bb7 11. Nh4 Qc7 12. c4 Nc5 13. Qc2 dxe4 14. dxe4 Rad8 15. Ndf3 Bf8 16. Re3 Ng4 17. Re2 Nd3 18. Bc3 Bc5 19. Rf1 Ndxf2 20. Rfxf2 Nxf2 21. Rxf2 Qd6 22. Bf1 Qd1 23. Qb2 f6 24. Kg2 Bxf2 25. Kxf2 Qd6 26. Nf5 Qc5+ 27. Ne3 Bc8 28. Ke2 Qe7 29. Kf2 Qf7 30. Nh4 g6 31. Be2 Qf8 32. Qc2 Be6 33. Bg4 Bxg4 34. Nxg4 h5 35. Ne3 Kh7 36. Nf3 Rd7 37. Ke2 Red8 38. Bd2 Qd6 39. h3 Kg7 40. Bc3 Qe6 41. g4 hxg4 42. hxg4 Rd4 43. Qb1 c5 44. g5 fxg5 45. Nxg5 Qf6 46. Qg1 Rd3 47. Be1 Rxe3+ 48. Qxe3 Qd6 49. Bd2 Qd7 50. Nf3 Qg4 51. Kf2 Rf8 52. Bc3 Qh5 53. Kg3 Kg8 54. Nxe5 g5 55. Kg2 Qh4 56. Be1 Qf4 57. Qxf4 Rxf4 58. Nd7 Kf7 59. e5 Rd4 60. Nf6 Rd1 61. Bc3 Rc1 62. Nd5 Rc2+ 63. Kf3 Rxa2 64. Kg4 Ke6 65. Kxg5 Rg2+ 66. Kf4 b5 67. Nc7+ Kd7 68. Nxb5 a6 69. Nd6 Rg8 70. Ne4 Kc6 71. e6 Rb8 72. Nf6 Rb7 73. Kf5 1-0

[Event "Aeroflot Open"]
[Site "Moscow RUS"]
[Date "2016.03.08"]
[Round "8.42"]
[White "Arjun Erigaisi"]
[Black "Das Debashis"]
[Result "1-0"]
[EventDate "2016.03.01"]
[WhiteElo "2379"]
[BlackElo "2471"]
[PlyCount "89"]

1. d4 Nf6 2. c4 e6 3. Nc3 c5 4. d5 d6 5. e4 g6 6. Be2 Bg7 7. Nf3 exd5 8. cxd5 a6 9. a4 Bg4 10. Nd2 Bxe2 11. Qxe2 O-O 12. Nc4 Ne8 13. Bf4 Qc7 14. a5 Nd7 15. Na4 Ndf6 16. Nab6 Rd8 17. O-O Qe7 18. Rfe1 Nh5 19. Bd2 Nc7 20. g4 Nf6 21. e5 dxe5 22. d6 Rxd6 23. Nxd6 Qxd6 24. Bc3 Re8 25. Bxe5 Qc6 26. Qc4 Ne6 27. Qa4 Qxa4 28. Nxa4 Rc8 29. Nb6 Rc6 30. h3 Ne8 31. Rad1 Bxe5 32. Rxe5 Nd6 33. Red5 Nd4 34. Nd7 Ne4 35. Kg2 Ne6 36. Re5 N4g5 37. Kg3 h6 38. f4 Nh7 39. f5 gxf5 40. gxf5 Nd4 41. Nxc5 Rd6 42. Kg2 Nxf5 43. Rxd6 Nxd6 44. Rd5 Nc4 45. Rd8+ 1-0

[Event "Aeroflot Open"]
[Site "Moscow RUS"]
[Date "2016.03.06"]
[Round "6.43"]
[White "Vitaly Sivuk"]
[Black "Arjun Erigaisi"]
[Result "1-0"]
[EventDate "2016.03.01"]
[WhiteElo "2554"]
[BlackElo "2379"]
[PlyCount "101"]

1. d4 e6 2. c4 Nf6 3. Nf3 Bb4+ 4. Nbd2 b6 5. g3 Bb7 6. Bg2 O-O 7. O-O Bxd2 8. Qxd2 d6 9. b3 Nbd7 10. Bb2 Ne4 11. Qc2 d5 12. cxd5 exd5 13. Rac1 Rc8 14. Rfd1 Qf6 15. e3 Rfe8 16. Qe2 c6 17. Rc2 Qd6 18. Nh4 g6 19. Nf3 f6 20. Ne1 a5 21. Nd3 Nb8 22. Qg4 Rc7 23. Qf4 Qd8 24. Qh6 Rg7 25. Re2 Bc8 26. f3 g5 27. g4 Rg6 28. Qh3 h5 29. Nf2 Nxf2 30. Rxf2 hxg4 31. fxg4 Na6 32. Qg3 Nc7 33. Rc1 Re6 34. Rfc2 Bd7 35. h3 Nb5 36. e4 dxe4 37. Re1 Rg7 38. Rxe4 Rxe4 39. Bxe4 Qe8 40. Bg2 Qe6 41. a4 Nd6 42. Bxc6 Ne4 43. Qb8+ Kh7 44. d5 Qe7 45. Qxb6 Bxc6 46. Rxc6 Nc5 47. Qxc5 Qe1+ 48. Kg2 Qd2+ 49. Kh1 Qxb2 50. Qc2+ Qxc2 51. Rxc2 1-0

[Event "Aeroflot Open"]
[Site "Moscow RUS"]
[Date "2016.03.05"]
[Round "5.43"]
[White "Arjun Erigaisi"]
[Black "David Anton Guijarro"]
[Result "0-1"]
[EventDate "2016.03.01"]
[WhiteElo "2379"]
[BlackElo "2641"]
[PlyCount "120"]

1. d4 f5 2. Bg5 g6 3. Nc3 Bg7 4. e3 c6 5. Qd2 d5 6. f4 Be6 7. Nf3 Nd7 8. Bd3 Ngf6 9. Ne5 O-O 10. O-O Rc8 11. Na4 b6 12. b4 Ne4 13. Bxe4 dxe4 14. Qe2 Qe8 15. Nb2 c5 16. bxc5 Nxe5 17. fxe5 h6 18. Bh4 bxc5 19. c3 g5 20. Be1 Rb8 21. Rf2 cxd4 22. cxd4 Qc6 23. g3 Bd5 24. h4 Qg6 25. hxg5 hxg5 26. Rg2 Rfc8 27. Na4 Bc4 28. Qd1 g4 29. Nc5 Bh6 30. Bf2 Qc6 31. Qc2 Bd5 32. Rf1 Kg7 33. Rh2 Rh8 34. Rb1 Bg5 35. Rxb8 Rxb8 36. Kg2 Qb5 37. Rh5 Kg6 38. Rh1 Qb2 39. Rc1 Qxa2 40. Qxa2 Bxa2 41. Na4 Bd5 42. Rc5 e6 43. Nc3 Bb3 44. Kf1 Bd8 45. Ke1 Kf7 46. Kd2 Bb6 47. Rb5 Bc4 48. Rb4 Bd3 49. Be1 Rh8 50. Kd1 Rh1 51. Na2 Ke7 52. Ra4 Kd7 53. Nb4 Bc4 54. Ra3 Rh2 55. Rc3 Be2+ 56. Kc1 Bb5 57. Bd2 Rh1+ 58. Kc2 Rg1 59. d5 Rxg3 60. d6 Rg1 0-1

[Event "Aeroflot Open"]
[Site "Moscow RUS"]
[Date "2016.03.04"]
[Round "4.43"]
[White "Vasiliy Korchmar"]
[Black "Arjun Erigaisi"]
[Result "1-0"]
[EventDate "2016.03.01"]
[WhiteElo "2450"]
[BlackElo "2379"]
[PlyCount "71"]

1. Nf3 d5 2. d4 Nf6 3. c4 e6 4. g3 c6 5. Bg2 dxc4 6. Ne5 Bb4+ 7. Bd2 Bxd2+ 8. Qxd2 O-O 9. Na3 Qc7 10. Naxc4 Rd8 11. O-O Nbd7 12. Rfd1 Nxe5 13. Nxe5 Bd7 14. Rac1 Be8 15. b4 Qe7 16. a4 Nd5 17. Nd3 f6 18. e4 Nc7 19. Qc3 Rac8 20. Nc5 b6 21. Nd3 c5 22. bxc5 Bxa4 23. cxb6 axb6 24. Rd2 Qd7 25. Bh3 Nb5 26. Qb4 Rxc1+ 27. Nxc1 Nxd4 28. Kg2 Bc6 29. Nb3 Bxe4+ 30. Kf1 Qb7 31. Rxd4 Bd5 32. Bxe6+ Bxe6 33. Rxd8+ Kf7 34. Nd2 Qh1+ 35. Ke2 Qxh2 36. Qh4 1-0

[Event "Aeroflot Open"]
[Site "Moscow RUS"]
[Date "2016.03.03"]
[Round "3.43"]
[White "Arjun Erigaisi"]
[Black "Jorden van Foreest"]
[Result "0-1"]
[EventDate "2016.03.01"]
[WhiteElo "2379"]
[BlackElo "2557"]
[PlyCount "118"]

1. d4 d5 2. c4 c6 3. e3 Nf6 4. Nc3 Bf5 5. Nf3 e6 6. Bd3 Bg6 7. O-O Nbd7 8. Qe2 Bd6 9. e4 dxc4 10. Bxc4 b5 11. e5 bxc4 12. Qxc4 Qc7 13. exd6 Qxd6 14. Ne5 O-O 15. Bf4 Nb6 16. Qxc6 Qxd4 17. Nxg6 hxg6 18. Be3 Qh4 19. Rad1 Nbd5 20. Bd4 Rfc8 21. Qd6 Nxc3 22. bxc3 a5 23. Rd3 Rd8 24. Qe7 Qe4 25. Re3 Qc6 26. Rh3 Nd5 27. Qh4 f6 28. f4 Rab8 29. Rg3 Kf7 30. Re1 Ne7 31. Qg4 Qd5 32. Rge3 Rd6 33. h4 Rb2 34. R3e2 Rxa2 35. Rxa2 Qxa2 36. h5 Qd5 37. h6 gxh6 38. Qh4 Ng8 39. Rb1 Rd8 40. Qf2 h5 41. Qe2 Ne7 42. Rb5 Qd6 43. Bc5 Qd1+ 44. Qxd1 Rxd1+ 45. Kf2 Nd5 46. Rxa5 Nxf4 47. Ra7+ Kg8 48. g3 Nd5 49. c4 Nc3 50. Ra8+ Kg7 51. Ra7+ Kh6 52. Bf8+ Kg5 53. c5 Rc1 54. c6 Nd5 55. Ra6 Kf5 56. Bd6 Rc2+ 57. Ke1 e5 58. Kd1 Ne3+ 59. Ke1 Kg4 0-1

[Event "Aeroflot Open"]
[Site "Moscow RUS"]
[Date "2016.03.02"]
[Round "2.43"]
[White "Vasilios Kotronias"]
[Black "Arjun Erigaisi"]
[Result "1-0"]
[EventDate "2016.03.01"]
[WhiteElo "2541"]
[BlackElo "2379"]
[PlyCount "103"]

1. e4 e6 2. d4 d5 3. Nd2 Nf6 4. e5 Nfd7 5. c3 c5 6. Bd3 Nc6 7. Ne2 cxd4 8. cxd4 f6 9. exf6 Nxf6 10. Nf3 Bd6 11. O-O Qc7 12. Bg5 O-O 13. Rc1 b6 14. Bh4 Nh5 15. Bg3 Nxg3 16. hxg3 g5 17. Bb5 Bd7 18. Qd3 Kg7 19. Qe3 Qd8 20. Rfe1 Ne7 21. Bxd7 Qxd7 22. Ne5 Qe8 23. g4 Ng6 24. Ng3 Nf4 25. Rc3 Rc8 26. Nh5+ Nxh5 27. Rxc8 Qxc8 28. gxh5 Rf4 29. Qd3 Rf5 30. Ng4 Bb4 31. Rd1 Qe8 32. Qb3 Qe7 33. g3 Bd6 34. Re1 Rf8 35. Qe3 Re8 36. Qf3 Rf8 37. Qe2 Re8 38. Ne3 Bb4 39. Rf1 Bd6 40. Rc1 Qf7 41. Kg2 a6 42. a3 Bb8 43. Rc3 e5 44. Rb3 b5 45. a4 exd4 46. Nf5+ Kf8 47. Qc2 Qe6 48. axb5 axb5 49. Rxb5 Ba7 50. Rb7 Rc8 51. Qd3 Bb8 52. Qa3+ 1-0

[Event "Aeroflot Open"]
[Site "Moscow RUS"]
[Date "2016.03.01"]
[Round "1.43"]
[White "Arjun Erigaisi"]
[Black "Kamil Dragun"]
[Result "0-1"]
[EventDate "2016.03.01"]
[WhiteElo "2379"]
[BlackElo "2594"]
[PlyCount "94"]

1. d4 Nf6 2. c4 e6 3. Nc3 Bb4 4. e3 O-O 5. Ne2 Re8 6. a3 Bf8 7. Ng3 d5 8. Be2 b6 9. cxd5 exd5 10. O-O g6 11. Bd3 Bb7 12. b4 Nbd7 13. Ra2 Bg7 14. Re1 c5 15. bxc5 bxc5 16. dxc5 Nxc5 17. Bb5 Re7 18. Rd2 Qa5 19. Bb2 h5 20. Bf1 h4 21. Nge2 Nce4 22. Nxe4 Nxe4 23. Rc2 Bxb2 24. Rxb2 Qxa3 25. Rb3 Qa2 26. f3 Nc5 27. Rc3 Na4 28. Rd3 Rc8 29. Rd4 Nb2 30. Qd2 Qa3 31. Nf4 Nc4 32. Bxc4 dxc4 33. Rd8+ Re8 34. Rd7 Bc6 35. Rd6 Qc5 36. Kh1 a5 37. Nxg6 fxg6 38. Rxg6+ Kf7 39. Rg4 Qb4 40. Qf2 Rh8 41. Rc1 Qb3 42. e4 Rcd8 43. Rg1 Rh5 44. e5 h3 45. Rf4+ Ke8 46. gxh3 Rd1 47. Qg3 Rg5 0-1

[Event "IND-ch U17"]
[Site "Bengaluru"]
[Date "2015.10.06"]
[Round "6"]
[White "Arjun Erigaisi"]
[Black "Karthi Rajarishi"]
[Result "1-0"]
[EventDate "?"]
[WhiteElo "2128"]
[BlackElo "2036"]
[Source "chessbites.com; date by Chess Assistant 21"]
[PlyCount "100"]

1. d4 d5 2. c4 e6 3. Nc3 Nf6 4. cxd5 exd5 5. Bg5 Be7 6. e3 O-O 7. Bd3 c6 8. Qc2 Nbd7 9. Nf3 Re8 10. O-O Ne4 11. Bf4 f5 12. Nxd5 Bd6 13. Bxd6 cxd5 14. Bc7 Qe7 15. Rac1 Ndf6 16. Be5 Be6 17. Qa4 Rec8 18. Rxc8+ Rxc8 19. Qxa7 Qb4 20. b3 Ng4 21. h3 Nxe5 22. Nxe5 Nd6 23. Qa4 Qxa4 24. bxa4 Kf8 25. Rb1 Ra8 26. Bc2 Ke7 27. Nd3 Bd7 28. Nf4 Ra5 29. Bb3 Bc6 30. h4 Nc8 31. Nd3 Kd6 32. Ne5 Be8 33. Bc2 Kc7 34. Bxf5 Nd6 35. Bxh7 Rxa4 36. Rb2 Nc4 37. Rc2 Kd6 38. Bg8 Nxe5 39. dxe5+ Kxe5 40. Rc7 Bc6 41. h5 Rh4 42. Rxg7 Rxh5 43. f4+ Kf6 44. Rh7 Kg6 45. Bf7+ Kxh7 46. Bxh5 Bb5 47. Bd1 Kg6 48. Bb3 Bc6 49. g4 Kf6 50. Kf2 1-0

[Event "IND-ch U17"]
[Site "Bengaluru"]
[Date "2015.10.05"]
[Round "4"]
[White "Arjun Erigaisi"]
[Black "Srivatshav P Rahul"]
[Result "1-0"]
[EventDate "?"]
[WhiteElo "2128"]
[BlackElo "2082"]
[Source "chessbites.com; date by Chess Assistant 21"]
[PlyCount "86"]

1. d4 d5 2. c4 e6 3. Nc3 c6 4. e3 f5 5. Bd3 Bd6 6. Nge2 Nf6 7. Qc2 O-O 8. Bd2 Ne4 9. f4 Qh4+ 10. g3 Qh3 11. Bxe4 fxe4 12. O-O-O b6 13. Kb1 Ba6 14. Nc1 Nd7 15. Qa4 Bb7 16. Rdg1 a5 17. g4 Rfc8 18. Rg3 Qh4 19. Be1 Ba6 20. cxd5 b5 21. Qd1 cxd5 22. g5 Nb6 23. h3 g6 24. Rg4 Qh5 25. N3e2 b4 26. Ng3 Rxc1+ 27. Qxc1 Qxg4 28. hxg4 Rc8 29. Qd1 Bd3+ 30. Ka1 Bc2 31. Qd2 Bd3 32. Rh2 Nc4 33. Qc1 Rc7 34. Bd2 a4 35. Qe1 Na5 36. Ne2 Nc4 37. Nc1 Nxd2 38. Rxd2 Bb5 39. Qd1 b3 40. axb3 Ra7 41. Kb1 Bb4 42. Rc2 Kg7 43. Qh1 1-0

[Event "Wch U10"]
[Site "Al Ain"]
[Date "2013.12.26"]
[Round "9"]
[White "Arjun Erigaisi"]
[Black "Daniils Horobrijs"]
[Result "1-0"]
[EventDate "?"]
[WhiteElo "1839"]
[BlackElo "1596"]
[Source "chessbites.com; date by Chess Assistant 21"]
[PlyCount "90"]

1. d4 d5 2. c4 e6 3. Nc3 Nf6 4. Bg5 Nbd7 5. e3 Be7 6. Nf3 O-O 7. Bd3 c6 8. O-O dxc4 9. Bxc4 Nd5 10. Bxe7 Qxe7 11. Rc1 Nxc3 12. bxc3 e5 13. Re1 e4 14. Nd2 Kh8 15. Bb3 f5 16. Bc2 Nf6 17. Bb1 g5 18. f3 Bd7 19. Qc2 Rae8 20. Qb2 b6 21. fxe4 Nxe4 22. Bxe4 fxe4 23. Nc4 Rf5 24. Ne5 Rf6 25. c4 Kg8 26. a4 Ref8 27. c5 bxc5 28. Rxc5 Rf2 29. Rc2 Rxc2 30. Qxc2 Qb4 31. Rb1 Qd6 32. Rb7 Bc8 33. Qc4+ Kh8 34. Rf7 Qa3 35. Rxf8+ Qxf8 36. Qxc6 Bf5 37. g4 Qb4 38. Qf6+ Kg8 39. Qf7+ Kh8 40. Qxf5 Qe1+ 41. Kg2 Qd2+ 42. Qf2 Qb4 43. Nf7+ Kg7 44. Nxg5 Qe7 45. Qf5 1-0

[Event "Raisoni Memorial op U15"]
[Site "Nagpur"]
[Date "2012.09.21"]
[Round "7"]
[White "Arjun Erigaisi"]
[Black "Ankit Gajwa"]
[Result "1-0"]
[EventDate "?"]
[WhiteElo "1548"]
[BlackElo "2051"]
[Source "chessbites.com; date by Chess Assistant 21"]
[PlyCount "154"]

1. d4 Nf6 2. c4 g6 3. Nc3 Bg7 4. Nf3 O-O 5. h3 d6 6. Bf4 Nfd7 7. e3 c5 8. Be2 Nc6 9. d5 Na5 10. O-O b5 11. cxb5 a6 12. Qc2 axb5 13. Bxb5 Ba6 14. Bxa6 Rxa6 15. Rab1 Qa8 16. e4 Rb8 17. Nd2 Rab6 18. b3 Qa6 19. Na4 R6b7 20. Nb2 Ra7 21. a4 Nb6 22. Bg3 Rab7 23. f4 h6 24. Rf3 Qe2 25. Re1 Qa6 26. f5 g5 27. e5 Nxd5 28. f6 exf6 29. exd6 Rd7 30. Qf5 Qc6 31. Nbc4 Nxc4 32. Nxc4 Rbd8 33. Rd3 Nb6 34. Na5 Qc8 35. Re7 Rxd6 36. Qxc8 Nxc8 37. Rxd6 Nxd6 38. Bxd6 Rxd6 39. Rc7 f5 40. Nb7 Rb6 41. Nxc5 Bd4+ 42. Kf1 Bxc5 43. Rxc5 Rxb3 44. Rxf5 Ra3 45. Ra5 Ra2 46. Ra8+ Kg7 47. a5 Kf6 48. a6 h5 49. a7 h4 50. Ke1 Kf5 51. Kf1 Kf4 52. Ke1 Kf5 53. Kf1 Kf4 54. Ke1 f6 55. Rf8 Rxa7 56. Rxf6+ Kg3 57. Rf5 Ra1+ 58. Ke2 Ra2+ 59. Kf1 Ra1+ 60. Ke2 g4 61. hxg4 Kxg2 62. g5 Ra6 63. Rf6 Ra5 64. Rf2+ Kg3 65. g6 h3 66. g7 Rg5 67. Rf3+ Kg2 68. Rf2+ Kg1 69. Rf1+ Kg2 70. Rf2+ Kg3 71. Rf3+ Kg4 72. Kf2 h2 73. Rg3+ Kf4 74. Rxg5 h1=Q 75. g8=Q Qh2+ 76. Rg2 Qh4+ 77. Qg3+ 1-0